Beliebteste Automarken in Deutschland (2025 Umsatz) - Statistiken

Allgemein
  • Dieses Quiz wurde 346 mal gespielt
    111 seit der letzten Aktualisierung
  • Das Durchschnittsergebnis liegt bei 12 aus 15
Antwortstatistiken
erster Buchstabe Rang Antwort % Korrekt
B 3 BMW
98%
V 1 Volkswagen
98%
M 2 Mercedes
97%
A 5 Audi
92%
O 7 Opel
92%
F 8 Ford
87%
S 6 SEAT
82%
S 4 Skoda Auto
81%
H 9 Hyundai
75%
R 13 Renault
73%
T 10 Toyota
72%
V 14 Volvo
67%
K 12 Kia
64%
D 11 Dacia
63%
P 15 Peugeot
60%
Keine übereinstimmenden Quizze gefunden
Verteilung der Resultate
Anzahl Personen mit jedem Resultat
Perzentil nach korrekt beantworteten Fragen
Ihre Resultats-Entwicklung
Sie haben dieses Quiz seit der letzten Aktualisierung nicht gespielt